000 00988nam a2200193Ia 4500
999 _c44504
_d44504
001 11302
003 GE_BSU
005 20221128143311.0
008 181216s1951||||ge |||||||||||||| ||geo||
040 _cGE_BSU
041 _ageo
080 _a159.9(072) ნ–86
100 _aნორაკიძე, ვლ.
_916153
245 _aფსიქოლოგია :
_bმეთოდური მითითებანი პედაგოგიური ინსტიტუტების დაუსწრებელ სტუდენტთათვის /
_cვლ. ნორაკიძე ; საქ. სსრ განათლების სამინისტროს სამეცნ.-მეთოდ. კაბინეტი.
264 _aთბილისი :
_b სამეცნ.-მეთოდ. კაბინეტის გამ-ბა,
_c1951.
300 _a157 გვ.
_b22 სმ.
653 _aფსიქოლოგია
942 _cBK
_2udc